| 000 | 01498nam a2200361Ia 4500 | ||
|---|---|---|---|
| 001 | ebr10587102 | ||
| 003 | CaPaEBR | ||
| 006 | m u | ||
| 007 | cr cn||||||||| | ||
| 008 | 000403s2001 nyua sb s001 0 eng d | ||
| 010 | _z 00036567 | ||
| 020 | _z9780791447932 | ||
| 020 | _z9780791491546 | ||
| 020 | _z0791447936 (alk. paper) | ||
| 020 | _z0791447944 (pbk. : alk. paper) | ||
| 040 |
_aCaPaEBR _cCaPaEBR |
||
| 035 | _a(OCoLC)811403857 | ||
| 050 | 1 | 4 |
_aB208.Z7 _bH34 2001eb |
| 082 | 0 | 4 |
_a182 _221 |
| 100 | 1 |
_aHahn, Robert, _d1952- |
|
| 245 | 1 | 0 |
_aAnaximander and the architects _h[electronic resource] : _bthe contributions of Egyptian and Greek architectural technologies to the origins of Greek philosophy / _cRobert Hahn. |
| 260 |
_aAlbany : _bState University of New York Press, _cc2001. |
||
| 300 |
_axxiii, 326 p. : _bill. |
||
| 440 | 0 | _aSUNY series in ancient Greek philosophy | |
| 504 | _aIncludes bibliographical references (p. 295-314) and index. | ||
| 533 |
_aElectronic reproduction. _bPalo Alto, Calif. : _cebrary, _d2011. _nAvailable via World Wide Web. _nAccess may be limited to ebrary affiliated libraries. |
||
| 600 | 0 | 0 | _aAnaximander. |
| 650 | 0 |
_aArchitecture, Ancient _zEgypt _xInfluence. |
|
| 650 | 0 |
_aArchitecture, Ancient _zGreece _xInfluence. |
|
| 655 | 7 |
_aElectronic books. _2local |
|
| 710 | 2 | _aebrary, Inc. | |
| 856 | 4 | 0 |
_uhttp://site.ebrary.com/lib/rucke/Doc?id=10587102 _zAn electronic book accessible through the World Wide Web; click to view |
| 999 |
_c211763 _d211763 |
||